| 000 -LEADER | |
|---|---|
| fixed length control field | 00452nam a22001817a 4500 |
| 005 - DATE AND TIME OF LATEST TRANSACTION | |
| control field | 20230821113206.0 |
| 008 - FIXED-LENGTH DATA ELEMENTS--GENERAL INFORMATION | |
| fixed length control field | 230818b |||||||| |||| 00| 0 eng d |
| 020 ## - INTERNATIONAL STANDARD BOOK NUMBER | |
| ISBN | 978-93-860-56-10-8 |
| 041 ## - LANGUAGE CODE | |
| Language code of text/sound track or separate title | eng |
| 082 ## - DEWEY DECIMAL CLASSIFICATION NUMBER | |
| Classification number | 611.026 DAS-T |
| 100 ## - MAIN ENTRY--AUTHOR NAME | |
| Personal name | DAS, K.V.KRISHNA |
| 245 ## - TITLE STATEMENT | |
| Title | TEXTBOOK OF MEDICINE [ VOL-1] |
| 250 ## - EDITION STATEMENT | |
| Edition statement | 6TH ED. 2017 |
| 260 ## - PUBLICATION, DISTRIBUTION, ETC. (IMPRINT) | |
| Place of publication | NEW DELHI |
| Name of publisher | JAYPEE BROTHERS |
| Year of publication | 2017 |
| 300 ## - PHYSICAL DESCRIPTION | |
| Number of Pages | 790; P |
| 650 ## - SUBJECT ADDED ENTRY--TOPICAL TERM | |
| Topical Term | BPT |
| 942 ## - ADDED ENTRY ELEMENTS (KOHA) | |
| Koha item type | Books |
| Lost status | Damaged status | Collection code | Home library | Current library | Shelving location | Date acquired | Source of acquisition | Cost, normal purchase price | Full call number | Accession Number | Koha item type |
|---|---|---|---|---|---|---|---|---|---|---|---|
| Reference | JRU Library | JRU Library | SHELF-8-A | 05/08/2023 | PURCHASE [LBI] | 2450.00 | 611.026 DAS-T | 27914 | Books | ||
| PHYSIOTHERAPY | JRU Library | JRU Library | Shelf 20 F | 05/08/2023 | PURCHASE [LBI] | 2450.00 | 611.026 DAS-T | 27915 | Books | ||
| PHYSIOTHERAPY | JRU Library | JRU Library | Shelf - 26- C | 05/08/2023 | PURCHASE [LBI] | 2450.00 | 611.026 DAS-T | 27916 | Books |